LEADER 00615nam a2200193 i 4500 001 000000241768 003 CaOOAMICUS 005 20150515000000.0 008 150515s1844 it u000 u ita u 013 $a220673 040 $aSeMil$bita 245 10$aVol. 1. 300 $a470 p. 773 0 $aFolli, Giuseppe$tPratiche di divozione per ogni giorno.$dMilano : Boniardi-Pogliani, 1844.$g1$w()31881 850 $aSeMil 852 $aSeMil$W1$xVenegono$y1$m3F I 244 FA$j192114$B192114$CSeMilBibl$Z2$F202928 $8I 941 1 $a10 961 $aRecupero: Mantegazza 996 $6245$aVol. 1$9(OLS)http://semarc/title/13429 LEADER 00657nas a2200169 i 4500 001 000000015609 003 CaOOAMICUS 005 20180830125442.0 008 180830s1993 it u0 ita u 040 $aSeMil$bita 245 10$aMondi letterari. Sezione Iberoamerica /$cdiretta da Fabio Rodríguez Amaya. 260 $aMilano :$bJaca Book,$c1993. 300 $av. ;$c21 cm. 700 1 $aAmaya, Rodrěguez Fabio.$0(OLS)http://semarc/name/7231 773 0 $tMondi letterari.$dMilano : Jaca Book, [199?]$w()15537 996 $6245$aMondi letterari. Sezione Iberoamerica$9(OLS)http://semarc/title/20685 996 $6260$aMilano :$bJaca Book$9(OLS)http://semarc/publisher/29781